| 000 | 00595nam a22001937a 4500 | ||
|---|---|---|---|
| 005 | 20251108164026.0 | ||
| 008 | 250721s1986 xx 000 0 ara d | ||
| 082 | 1 | 4 | _a216,5/قاس |
| 100 | 1 | _aالقاسمي، جمال الدين | |
| 245 | 1 | 0 | _aالأستئناس لتصحيح أنكحة الناس / |
| 264 | 1 |
_aعمان : _bدار عمار، _c1986. |
|
| 300 | _a64ص | ||
| 650 | 1 | 7 | _aالإسلام |
| 650 | 1 | 7 | _aالفقه |
| 650 | 1 | 7 | _aقانون الأحوال الشخصية |
| 700 | 1 |
_aعبد الحميد، علي حسن علي _eتحقيق |
|
| 942 |
_2ddc _cBK |
||
| 999 |
_c1735 _d1735 |
||